| 000 | 00414nam a22001577a 4500 | ||
|---|---|---|---|
| 003 | OSt | ||
| 008 | 230508b |||||||| |||| 00| 0 eng d | ||
| 020 | _a9789355280169 | ||
| 041 | _aeng | ||
| 082 |
_a620.11 _bPOP/ST |
||
| 100 |
_aPopplewell, William charles _95434 |
||
| 245 |
_aStrength of materials _bA manual of students of engineering |
||
| 260 |
_aChennai _MMaxwell press _c2022 |
||
| 300 | _a179 | ||
| 942 | _cBK | ||
| 999 |
_c17673 _d17673 |
||